Plato : (Record no. 123157)
[ view plain ]
| 000 -LEADER | |
|---|---|
| fixed length control field | 01645cam a22003854a 4500 |
| 001 - CONTROL NUMBER | |
| control field | 6384675 |
| 003 - CONTROL NUMBER IDENTIFIER | |
| control field | ARRUPE |
| 005 - DATE AND TIME OF LATEST TRANSACTION | |
| control field | 20150915122258.0 |
| 008 - FIXED-LENGTH DATA ELEMENTS--GENERAL INFORMATION | |
| fixed length control field | 070326s2007 enk b 001 0 eng |
| 010 ## - LIBRARY OF CONGRESS CONTROL NUMBER | |
| LC control number | 2007012467 |
| 020 ## - INTERNATIONAL STANDARD BOOK NUMBER | |
| International Standard Book Number | 9780826491770 (hbk.) |
| 020 ## - INTERNATIONAL STANDARD BOOK NUMBER | |
| International Standard Book Number | 0826491774 (hbk.) |
| 020 ## - INTERNATIONAL STANDARD BOOK NUMBER | |
| International Standard Book Number | 9780826491763 (pbk.) |
| 020 ## - INTERNATIONAL STANDARD BOOK NUMBER | |
| International Standard Book Number | 0826491766 (pbk.) |
| 024 ## - OTHER STANDARD IDENTIFIER | |
| Standard number or code | 40014995242 |
| 035 ## - SYSTEM CONTROL NUMBER | |
| System control number | (OCoLC)122261725 |
| 035 ## - SYSTEM CONTROL NUMBER | |
| System control number | (OCoLC)ocn122261725 |
| 035 ## - SYSTEM CONTROL NUMBER | |
| System control number | (DLC) 2007012467 |
| 035 ## - SYSTEM CONTROL NUMBER | |
| System control number | (NNC)6384675 |
| 040 ## - CATALOGING SOURCE | |
| Original cataloging agency | DLC |
| Transcribing agency | DLC |
| Modifying agency | BAKER |
| -- | BTCTA |
| -- | UKM |
| -- | YDXCP |
| -- | BWKUK |
| 050 00 - LIBRARY OF CONGRESS CALL NUMBER | |
| Classification number | B395 |
| Item number | .P74 2007 |
| 082 00 - DEWEY DECIMAL CLASSIFICATION NUMBER | |
| Classification number | 184 |
| Edition number | 22 |
| 300 ## - PHYSICAL DESCRIPTION | |
| Dimensions | 23 cm. |
| 100 1# - MAIN ENTRY--PERSONAL NAME | |
| Personal name | Press, Gerald A. |
| Fuller form of name | (Gerald Alan), |
| Dates associated with a name | 1945- |
| 9 (RLIN) | 19033 |
| 245 10 - TITLE STATEMENT | |
| Title | Plato : |
| Remainder of title | a guide for the perplexed / |
| Statement of responsibility, etc | Gerald A. Press. |
| 260 ## - PUBLICATION, DISTRIBUTION, ETC. (IMPRINT) | |
| Place of publication, distribution, etc | London ; |
| -- | New York : |
| Name of publisher, distributor, etc | Continuum, |
| Date of publication, distribution, etc | c2007. |
| 300 ## - PHYSICAL DESCRIPTION | |
| Extent | viii, 240 p. ; |
| 490 1# - SERIES STATEMENT | |
| Series statement | Guides for the perplexed |
| 504 ## - BIBLIOGRAPHY, ETC. NOTE | |
| Bibliography, etc | Includes bibliographical references (p. 231-234) and index. |
| 505 0# - FORMATTED CONTENTS NOTE | |
| Formatted contents note | Plato's life and works -- The contexts for interpreting Plato's dialogues -- A brief history of Platonism and Plato interpretation -- Dialogue form -- Arguments and ideas, vision and doctrines -- Fables, myths and stories -- Irony and other forms of humour -- Play and seriousness -- Paradox -- Platonic anonymity and the nature of Plato's philosophy -- Persistent themes and Plato's vision -- The platonic path to wisdom -- How to read a Platonic dialogue -- Summaries of the dialogues. |
| 600 00 - SUBJECT ADDED ENTRY--PERSONAL NAME | |
| Personal name | Plato. |
| 9 (RLIN) | 19034 |
| 830 #0 - SERIES ADDED ENTRY--UNIFORM TITLE | |
| Uniform title | Guides for the perplexed. |
| 9 (RLIN) | 11161 |
| 942 ## - ADDED ENTRY ELEMENTS (KOHA) | |
| Source of classification or shelving scheme | Library of Congress Classification |
| Koha item type | Monograph ( Printed materials) |
| 948 1# - LOCAL PROCESSING INFORMATION (OCLC); SERIES PART DESIGNATOR (RLIN) | |
| Series part designator, SPT (RLIN) | 20080201 |
| b (OCLC) | c |
| c (OCLC) | jeb52 |
| d (OCLC) | MPS |
| Withdrawn status | Lost status | Source of classification or shelving scheme | Damaged status | Not for loan | Collection code | Home library | Current library | Shelving location | Date acquired | Total Checkouts | Full call number | Barcode | Date last seen | Date checked out | Price effective from | Koha item type |
|---|---|---|---|---|---|---|---|---|---|---|---|---|---|---|---|---|
| Library of Congress Classification | Main Collection | ARRUPE LIBRARY | ARRUPE LIBRARY | Main Collection | 27/08/2015 | 6 | B395.P74 2007 | 46500004344 | 23/12/2025 | 03/09/2025 | 27/08/2015 | Monograph ( Printed materials) |